Welcome to WEB OPAC of MRSPTU Central Library

Basic inorganic Chemistry (Record no. 228)

MARC details
000 -LEADER
fixed length control field 00339nam a2200145Ia 4500
008 - FIXED-LENGTH DATA ELEMENTS--GENERAL INFORMATION
fixed length control field 230711s9999||||xx |||||||||||||| ||und||
041 ## - LANGUAGE CODE
Language code of text/sound track or separate title ENG
082 ## - DEWEY DECIMAL CLASSIFICATION NUMBER
Classification number 540
Item number CO-I
100 ## - MAIN ENTRY--PERSONAL NAME
Personal name Cotton F.A
245 #0 - TITLE STATEMENT
Title Basic inorganic Chemistry
250 ## - EDITION STATEMENT
Edition statement 2nd
260 ## - PUBLICATION, DISTRIBUTION, ETC.
Date of publication, distribution, etc. 1989
Place of publication, distribution, etc. New Delhi
Name of publisher, distributor, etc. Wiley Eastern Limited
650 ## - SUBJECT ADDED ENTRY--TOPICAL TERM
Topical term or geographic name entry element Chemistry
942 ## - ADDED ENTRY ELEMENTS (KOHA)
Koha item type Book
Holdings
Withdrawn status Lost status Damaged status Not for loan Collection Home library Current library Date acquired Total checkouts Full call number Barcode Date last seen Price effective from Koha item type
          MRSPTU Central Library MRSPTU Central Library     540 CO-I 1356 08/17/2023 08/17/2023 Book
          MRSPTU Central Library MRSPTU Central Library     540 CO-I 1357 08/17/2023 08/17/2023 Book
          MRSPTU Central Library MRSPTU Central Library     540 CO-I 2267 08/17/2023 08/17/2023 Book
          MRSPTU Central Library MRSPTU Central Library     540 CO-I 2268 08/17/2023 08/17/2023 Book
          MRSPTU Central Library MRSPTU Central Library     540 CO-I 2426 08/17/2023 08/17/2023 Book
          MRSPTU Central Library MRSPTU Central Library     540 CO-I 2427 08/17/2023 08/17/2023 Book
          MRSPTU Central Library MRSPTU Central Library     540 CO-I PBB1356 08/17/2023 08/17/2023 Book
          MRSPTU Central Library MRSPTU Central Library     540 CO-I PBB1357 08/17/2023 08/17/2023 Book
          MRSPTU Central Library MRSPTU Central Library     540 CO-I PBB2267 08/17/2023 08/17/2023 Book
          MRSPTU Central Library MRSPTU Central Library     540 CO-I PBB2268 08/17/2023 08/17/2023 Book
          MRSPTU Central Library MRSPTU Central Library     540 CO-I PBB2426 08/17/2023 08/17/2023 Book
          MRSPTU Central Library MRSPTU Central Library     540 CO-I PBB2427 08/17/2023 08/17/2023 Book

Website Designed and Developed by MRSPTU Central Library Team

E-mail Id: librarian@mrsptu.ac.in